<?xml version="1.0" encoding="UTF-8"?>
<record
    xmlns:xsi="http://www.w3.org/2001/XMLSchema-instance"
    xsi:schemaLocation="http://www.loc.gov/MARC21/slim http://www.loc.gov/standards/marcxml/schema/MARC21slim.xsd"
    xmlns="http://www.loc.gov/MARC21/slim">

  <leader>03485nam a2200541Ia 4500</leader>
  <controlfield tag="001">311</controlfield>
  <controlfield tag="008">241029s9999    xx            000 0 und d</controlfield>
  <datafield tag="010" ind1=" " ind2=" ">
    <subfield code="a">279</subfield>
  </datafield>
  <datafield tag="041" ind1=" " ind2=" ">
    <subfield code="a">Espa&#xF1;ol</subfield>
  </datafield>
  <datafield tag="082" ind1=" " ind2=" ">
    <subfield code="a">ISFODOSU TMLA 13-0000 BFEM EJ.1</subfield>
  </datafield>
  <datafield tag="245" ind1=" " ind2="0">
    <subfield code="a">Los niveles de comprensi&#xF3;n lectora de los ni&#xF1;os de Cuarto Grado del Primer Ciclo del Nivel B&#xE1;sico (Escuelas B&#xE1;sicas Jes&#xFA;s Maestro, Dr. Jos&#xE9; Francisco Pe&#xF1;a G&#xF3;mez , Mi Segundo Hogar y Jos&#xE9; Bordas Valdez) Distrito educativo 15-04. A&#xF1;o escolar 2011-2012. </subfield>
  </datafield>
  <datafield tag="260" ind1=" " ind2=" ">
    <subfield code="a">Santo Domingo</subfield>
  </datafield>
  <datafield tag="300" ind1=" " ind2=" ">
    <subfield code="a">95</subfield>
  </datafield>
  <datafield tag="520" ind1=" " ind2=" ">
    <subfield code="a">9</subfield>
  </datafield>
  <datafield tag="630" ind1=" " ind2=" ">
    <subfield code="a">Comprensi&#xF3;n Lectora</subfield>
  </datafield>
  <datafield tag="630" ind1=" " ind2=" ">
    <subfield code="a">Estudiantes</subfield>
  </datafield>
  <datafield tag="630" ind1=" " ind2=" ">
    <subfield code="a">Proceso Educativo</subfield>
  </datafield>
  <datafield tag="650" ind1=" " ind2=" ">
    <subfield code="a">Lengua Espa&#xF1;ola</subfield>
  </datafield>
  <datafield tag="690" ind1=" " ind2=" ">
    <subfield code="a">Elaborado</subfield>
  </datafield>
  <datafield tag="700" ind1=" " ind2=" ">
    <subfield code="e">asesor</subfield>
    <subfield code="a">Garcia , Jos&#xE9; Rem&#xED;gio </subfield>
  </datafield>
  <datafield tag="700" ind1=" " ind2=" ">
    <subfield code="e">autor</subfield>
    <subfield code="a">Rosario Brito , Ram&#xF3;n Enrique </subfield>
  </datafield>
  <datafield tag="901" ind1=" " ind2=" ">
    <subfield code="a">{"1":"Rosario Brito "}</subfield>
    <subfield code="b">{"1":"Ram&#xF3;n Enrique "}</subfield>
  </datafield>
  <datafield tag="902" ind1=" " ind2=" ">
    <subfield code="a">1</subfield>
  </datafield>
  <datafield tag="903" ind1=" " ind2=" ">
    <subfield code="a">{"1":"Garcia "}</subfield>
    <subfield code="b">{"1":"Jos&#xE9; Rem&#xED;gio "}</subfield>
  </datafield>
  <datafield tag="904" ind1=" " ind2=" ">
    <subfield code="a">Maestr&#xED;a en</subfield>
  </datafield>
  <datafield tag="905" ind1=" " ind2=" ">
    <subfield code="a">Ling&#xFC;&#xED;stica Aplicada</subfield>
  </datafield>
  <datafield tag="906" ind1=" " ind2=" ">
    <subfield code="a">1</subfield>
  </datafield>
  <datafield tag="907" ind1=" " ind2=" ">
    <subfield code="a">Orientada en</subfield>
  </datafield>
  <datafield tag="908" ind1=" " ind2=" ">
    <subfield code="a">Ense&#xF1;anza de la Lengua Espa&#xF1;ola</subfield>
  </datafield>
  <datafield tag="909" ind1=" " ind2=" ">
    <subfield code="a">ISFODOSU, Recinto F&#xE9;lix Evaristo Mej&#xED;a</subfield>
  </datafield>
  <datafield tag="910" ind1=" " ind2=" ">
    <subfield code="a">NULL</subfield>
    <subfield code="b">NULL</subfield>
  </datafield>
  <datafield tag="911" ind1=" " ind2=" ">
    <subfield code="a">["1"]</subfield>
  </datafield>
  <datafield tag="912" ind1=" " ind2=" ">
    <subfield code="a">NO APLICA</subfield>
  </datafield>
  <datafield tag="913" ind1=" " ind2=" ">
    <subfield code="a">NULL</subfield>
  </datafield>
  <datafield tag="914" ind1=" " ind2=" ">
    <subfield code="a">03 de Junio de 2013</subfield>
  </datafield>
  <datafield tag="915" ind1=" " ind2=" ">
    <subfield code="a">12/06/14 02:06</subfield>
  </datafield>
  <datafield tag="916" ind1=" " ind2=" ">
    <subfield code="a">NULL</subfield>
  </datafield>
  <datafield tag="917" ind1=" " ind2=" ">
    <subfield code="a">NULL</subfield>
  </datafield>
  <datafield tag="918" ind1=" " ind2=" ">
    <subfield code="a">NO APLICA</subfield>
  </datafield>
  <datafield tag="919" ind1=" " ind2=" ">
    <subfield code="a">["43","96","165"]</subfield>
  </datafield>
  <datafield tag="520" ind1=" " ind2=" ">
    <subfield code="a">Los objetivos principales del estudio consistieron en determinar los niveles de comprensi&#xF3;n lectora que presentan los ni&#xF1;os del Cuarto Grado de lo centros educativos. Dr. Jos&#xE9; Francisco pe&#xF1;a G&#xF3;mez, Mi Segundo Hogar y Jos&#xE9; Borda Valdez, determinar las dificultades de compresi&#xF3;n lectora que presentan los estudiantes del Cuarto Grado de las escuelas objetos de estudio y describir los m&#xE9;todos de ense&#xF1;anza de la lectura que usan los docentes para que los alumnos/as aprendan.&#xA0;La metodolog&#xED;a utilizada fue de tipo descriptivo, se fundament&#xF3; en la observaci&#xF3;n, la entrevista y como t&#xE9;cnicas se utiliz&#xF3; la entrevista la evaluaci&#xF3;n, el an&#xE1;lisis y pr&#xE1;cticas de aula.Se trabaj&#xF3; con una poblaci&#xF3;n de 2,333 estudiantes de los diferentes centros educativos y como muestra se tomaron 245 estudiantes y maestras. &#xA0;El estudio concluy&#xF3; &#xA0;que los ni&#xF1;os y ni&#xF1;as del Cuarto Grado del Primer Ciclo del Nivel B&#xE1;sico no han podido traspasar el nivel literal de comprensi&#xF3;n lectora, y a&#xFA;n este con algunas dificultades que s&#xF3;lo 218 alumnos contestaron correctamente a las preguntas para un 89%, mientras que 27 respondieron err&#xF3;neamente para un 11%, que los/as alumnos/as presentan dificultades para comprender el significado de algunas expresiones literarias, tiene bajo dominio del vocabulario elemental y confusiones para reconocer las estructura elemental de las oraciones simples.El estudio recomend&#xF3; que se motive desde los distritos educativos y los centros mismos, que los docentes se habit&#xFA;en a leer peri&#xF3;dicamente, tomando en cuenta los tres momentos de la lectura: ante de la lectura, durante la lectura y despu&#xE9;s de la lectura para que se refleje en cada estudiante los avances de los aprendizajes adecuados a los nuevos tiempos implementar reflexiones permanente durante el proceso de lectura con los docentes como los estudiantes, sobre los niveles de competencia lectora.&#xA0;</subfield>
  </datafield>
  <datafield tag="921" ind1=" " ind2=" ">
    <subfield code="a">16</subfield>
  </datafield>
  <datafield tag="922" ind1=" " ind2=" ">
    <subfield code="a">16</subfield>
  </datafield>
  <datafield tag="923" ind1=" " ind2=" ">
    <subfield code="a">0</subfield>
  </datafield>
  <datafield tag="924" ind1=" " ind2=" ">
    <subfield code="a">NO APLICA</subfield>
  </datafield>
  <datafield tag="942" ind1=" " ind2=" ">
    <subfield code="c">Tesis</subfield>
  </datafield>
  <datafield tag="999" ind1=" " ind2=" ">
    <subfield code="c">279</subfield>
    <subfield code="d">279</subfield>
  </datafield>
</record>
